书目信息 |
| 题名: |
宪法专政
|
|
| 作者: | 罗斯托 著 ;孟涛 译 | |
| 分册: | ||
| 出版信息: | 北京 华夏出版社 2015 |
|
| 页数: | 342页 | |
| 开本: | 21cm | |
| 丛书名: | 西方传统 经典与解释 | |
| 单 册: | ||
| 中图分类: | D59 | |
| 科图分类: | ||
| 主题词: | 政治制度史--Zheng Zhi Zhi Du Shi--研究--世界 | |
| 电子资源: | ||
| ISBN: | 978-7-5080-8204-2 | |
| 000 | 01329nam0 22003011 450 | |
| 001 | 0101082545 | |
| 005 | 20161201101048.35 | |
| 010 | @a978-7-5080-8204-2@dCNY56.00 | |
| 100 | @a20150305d2015 em y0chiy50 ea | |
| 101 | 1 | @achi@ceng |
| 102 | @aCN@b110000 | |
| 105 | @ay z 000yy | |
| 106 | @ar | |
| 200 | 1 | @a宪法专政@AXian Fa Zhuan Zheng@e现代民主国家中的危机政府@dConstitutional dictatorship@ecrisis government in the modern democracies@f(美)罗斯托(Clinton Rossiter)著@g孟涛译@zeng |
| 210 | @a北京@c华夏出版社@d2015 | |
| 215 | @a342页@d21cm | |
| 225 | 2 | @a西方传统 经典与解释@AXi Fang Chuan Tong Jing Dian Yu Jie Shi@i施米特集 |
| 300 | @a中国人民大学明德青年学者计划项目“宪法专政理论研究”成果 | |
| 330 | @a本书共分四部分,内容包括:德意志共和国的宪法专政,法兰西共和国的危机政府,英国的危机政府,美国的危机政府。 | |
| 461 | 0 | @12001 @a西方传统 经典与解释 |
| 510 | 1 | @aConstitutional dictatorship@ecrisis government in the modern democracies@zeng |
| 517 | 1 | @a现代民主国家中的危机政府@AXian Dai Min Zhu Guo Jia Zhong De Wei Ji Zheng Fu |
| 606 | 0 | @a政治制度史@AZheng Zhi Zhi Du Shi@x研究@y世界 |
| 690 | @aD59@v5 | |
| 701 | 0 | @c(美)@a罗斯托@ALuo Si Tuo@c(Rossiter, Clinton@f1917~1970)@4著 |
| 702 | 0 | @a孟涛@AMeng Tao@f(1984~)@4译 |
| 801 | 0 | @aCN@bTANGWEI@c20161128 |
| 905 | @b0952461-5@dD59@e206@f5 | |
| 宪法专政:现代民主国家中的危机政府=Constitutional dictatorship:crisis government in the modern democracies/(美)罗斯托(Clinton Rossiter)著/孟涛译.-北京:华夏出版社,2015 |
| 342页;21cm.-(西方传统 经典与解释.施米特集) |
| 中国人民大学明德青年学者计划项目“宪法专政理论研究”成果 |
| ISBN 978-7-5080-8204-2:CNY56.00 |
| 本书共分四部分,内容包括:德意志共和国的宪法专政,法兰西共和国的危机政府,英国的危机政府,美国的危机政府。 |
| ● |
| 相关链接 |
|
|
|
|
正题名:宪法专政
索取号:D59/206
 
预约/预借
| 序号 | 登录号 | 条形码 | 馆藏地/架位号 | 状态 | 备注 |
| 1 | 0952461 | 209524610 | 第一样本阅览室/ [索取号:D59/206] | 在馆 | |
| 2 | 0952462 | 209524629 | 第一借阅区/ [索取号:D59/206] | 在馆 | |
| 3 | 0952463 | 209524638 | 第一借阅区/ [索取号:D59/206] | 在馆 | |
| 4 | 0952464 | 209524647 | 第一借阅区/ [索取号:D59/206] | 在馆 | |
| 5 | 0952465 | 209524656 | 第一借阅区/ [索取号:D59/206] | 在馆 |